Lie to Win - Click Quiz #1 - Statistics

General Stats
  • This quiz has been taken 113,856 times
    113,266 since last reset
  • The average score is 16 of 20
Answer Stats
Hint Answer % Correct
Did the Titanic sink? No
96%
Has a man ever been to Pluto? Yes
92%
Are you a dolphin? Yes
92%
Is the Hulk pink when he's angry? Yes
89%
IS THIS QUESTION IN ALL CAPS? No
88%
6 + 7 = 13. Am I correct? No
87%
Is Africa a country? Yes
87%
Is breathing fresh air dangerous? Yes
87%
Are babies delivered by storks? Yes
86%
Is Algeria a region of Spain? Yes
84%
Did Cleopatra really exist? No
83%
Was Michael Jackson an American? No
82%
Is Cuba the world's biggest island? Yes
80%
Do chicken have teeth? Yes
72%
Was the first question of this quiz about Titanic? No
69%
Does a leap year have 366 days? No
66%
Does Belgium actually exist? No
66%
Is Luke the father of Darth Vader? Yes
61%
Are spiders insects? Yes
59%
Does this quiz have 20 questions? No
40%
No matching quizzes found
Score Distribution
Percent of People with Each Score
Percentile by Number Answered
Your Score History
You have not taken this quiz since the last reset